|
|
|
|
| LEADER |
00000nac a2200000 i 4500 |
| 003 |
Ucuenca |
| 005 |
20230308231003.0 |
| 006 |
a||||gr|||| 001 p |
| 007 |
ta |
| 008 |
952071t1961 sp aaaagr|||| 0|1|p|spa a |
| 999 |
|
|
|c 159044
|d 159044
|
| 040 |
|
|
|b spa
|a UCuenca-cdrjbv
|c UCuenca
|e rda
|
| 041 |
0 |
|
|a spa
|
| 082 |
0 |
|
|2 22
|a 860.9
|c 352433
|
| 100 |
1 |
|
|a De León, Luis.
|9 5994
|d 1527-1591
|e autor
|q Fray Luis de León
|
| 245 |
0 |
0 |
|a De los nombres de Cristo /
|c Fray Luis de León, autor. Selección, estudio y notas por Casimiro Sánchez Aliseda.
|
| 250 |
|
|
|a Cuarta edición /
|b ilustrada.
|
| 264 |
|
1 |
|a Zaragoza:
|b Editorial Ebro,
|c 1961.
|
| 300 |
|
|
|a 133 páginas:
|c 18 cm
|b ilu
|
| 336 |
|
|
|2 rdacontent
|a texto
|b txt
|
| 337 |
|
|
|2 rdamedia
|a no mediado
|b n
|
| 338 |
|
|
|2 rdacarrier
|a volumen
|b nc
|
| 490 |
|
|
|a Biblioteca Clásica Ebro,
|v 67
|
| 504 |
|
|
|a incl. bibind.
|
| 650 |
1 |
0 |
|a Literatura
|9 131
|
| 650 |
2 |
7 |
|a Poesía
|2 UCuenca-cdrjbv
|z España
|9 241330
|
| 852 |
|
|
|a UC-CDJBV
|
| 942 |
|
|
|2 ddc
|c CR
|z bladimir.cabrerar@ucuenca.edu.ec
|